Music Quiz

Random Music or Song Quiz

Michael McDonald Songs Quiz Stats

 Plays Quiz not verified by Sporcle

Support Sporcle.
Go Orange.
Score 0/20 Timer 10:00
0 Plays Today
Riddles or Opposite song % Correct
sixty seconds by sixty secondsMinute by Minute
86.5%
Keepin it on the curbTakin' it to the Street
75.7%
AlzheimersI Keep Forgettin'
64.9%
Sour CaptivitySweet Freedom
48.6%
Close the windowOpen the Door
45.9%
WinkBlink of an Eye
40.5%
Everywhere to hideNowhere to Run
37.8%
You're not mineYou Belong to Me
37.8%
It holds you in placeIt Keeps You Runnin'
37.8%
Lower WaterHigher Ground
35.1%
Riddles or Opposite song % Correct
Up by the HillDown by the River
35.1%
Don't take it seriouslyTake it to Heart
32.4%
Where are you GodYah Mo Be There
29.7%
Look AheadNo Looking Back
29.7%
Don't rip itTear it Up
27%
Cajan HolidayChristmas on the Bayou
21.6%
Trust itBelieve in It
21.6%
LonelyNo Love to be Found
13.5%
I feel it tooSecond that Emotion
8.1%
Wisper down the laneGet the Word Started
2.7%

You're not logged in!

Compare scores with friends on all Sporcle quizzes.
OR
Log In

From the Vault

Missing 'F' Acronyms

by MrChewypoo

Apparently there is no movie called 'Back to the Floor'.
Remove Ads.
Support Sporcle.
Get the best of Sporcle when you Go Orange. This ad-free experience offers more features, more stats, and more fun while also helping to support Sporcle. Thank you for becoming a member.

Show Comments

Extras

Top Quizzes Today


Score Distribution

Your Account Isn't Verified!

In order to create a playlist on Sporcle, you need to verify the email address you used during registration. Go to your Sporcle Settings to finish the process.

Report this User

Report this user for behavior that violates our Community Guidelines.

Details: